Fr. Conceicao Rodrigues College of Engineering

Introduction to Statistics (Record no. 31743)

MARC details
000 -LEADER
fixed length control field 00290nam a2200133Ia 4500
082 ## - DEWEY DECIMAL CLASSIFICATION NUMBER
Classification number 519.5
100 ## - MAIN ENTRY--PERSONAL NAME
Personal name Vishwanath/ A.N
245 ## - TITLE STATEMENT
Title Introduction to Statistics
260 ## - PUBLICATION, DISTRIBUTION, ETC.
Name of publisher, distributor, etc. Wiley eastern
Place of publication, distribution, etc. New Delhi
Date of publication, distribution, etc. 1983
300 ## - PHYSICAL DESCRIPTION
Extent 135
546 ## - LANGUAGE NOTE
Language note ENGLISH
654 ## - SUBJECT ADDED ENTRY--FACETED TOPICAL TERMS
Focus term Statistics
942 ## - ADDED ENTRY ELEMENTS (KOHA)
Koha item type Reference Book
Holdings
Withdrawn status Lost status Damaged status Not for loan Collection Home library Current library Shelving location Date acquired Source of acquisition Cost, normal purchase price Inventory number Total Checkouts Full call number Barcode Date last seen Cost, replacement price Price effective from Koha item type
        AFT Fr. Agnel's C.Rodrigues College of Engineering Fr. Agnel's C.Rodrigues College of Engineering   17/03/2023 WILEY WASTERN LTD 20.00 2762   519.5 AFT3689 17/03/2023 20.00 17/03/2023 Reference Book
        AFT Fr. Agnel's C.Rodrigues College of Engineering Fr. Agnel's C.Rodrigues College of Engineering   17/03/2023 WILEY WASTERN LTD 20.00 2762   519.5 AFT3690 17/03/2023 20.00 17/03/2023 Reference Book
        AFT Fr. Agnel's C.Rodrigues College of Engineering Fr. Agnel's C.Rodrigues College of Engineering   17/03/2023 WILEY WASTERN LTD 20.00 2762   519.5 AFT3691 17/03/2023 20.00 17/03/2023 Reference Book